000 00481cam a22001457a 4500
008 180718b1956 xxu||||| |||| 00| 0 eng d
082 _aT2121 In2
100 _aIndia. The Ambar-Charkha Enquiry Committee
245 _aThe report of the Ambar-Charkha Enquiry Committee, 1956
260 _aNew Delhi
_bMinistry of Production
_c1956
300 _a489+p.
500 _aChairman: Purushottam Kanji
700 _aIndia. Ministry of Production
700 _aKanji, Purushottam (Chairman)
999 _c394086
_d394086